| 000 | 01458nam0a22003131 4500 | ||
|---|---|---|---|
| 001 | rc\3435104 | ||
| 005 | 20250610003544.0 | ||
| 021 |
_aRU _b[71-5644] |
||
| 035 | _a(NLR Aleph) 007587739 | ||
| 090 |
_a5577482 _c5577482 |
||
| 100 | _a20130115d1970 |||y0rusy50 ca | ||
| 101 | 0 | _arus | |
| 102 | _aRU | ||
| 105 | _aa z ||||| | ||
| 200 | 1 |
_aМонтаж технологического оборудования и трубопроводов сернокислотного производства _fМ-во монтажных и спец. строит. работ СССР. Главхиммонтаж и Гл. упр. кадров и учеб. заведений |
|
| 210 |
_aМосква _cСтройиздат _d1970 |
||
| 215 |
_a168 с. _cил. _d17 |
||
| 225 | 1 | _a[Серия пособий по повышению мастерства рабочих строителей] | |
| 300 | _aНа обл. авт. не указаны | ||
| 320 | _aБиблиогр.: с. 166 (5 назв.) | ||
| 606 |
_aСернокислотные заводы _xТрубопроводы _xМонтаж _2psbo |
||
| 606 |
_aСернокислотные заводы _xОборудование _xМонтаж _2psbo |
||
| 700 | 1 |
_aГайдамак _bК.М. _gКарл Максович |
|
| 701 | 1 |
_aТыркин _bБ.А. _gБорис Александрович |
|
| 801 | 0 |
_aRU _bNLR _gpsbo |
|
| 801 | 1 |
_aRU _bELAR _2rusmarc |
|
| 852 |
_aNLR _j71-2/12 |
||
| 942 | _cBOOK | ||
| 980 | _aNB | ||